|
|
|
|
| LEADER |
01628nam a22003137a 4500 |
| 001 |
42082 |
| 003 |
BD-DhAAL |
| 008 |
240116t2008 bg a|||| |||| 00| 0 ben d |
| 020 |
|
|
|a 98444523205
|
| 040 |
|
|
|a BD-DhAAL
|c BD-DhAAL
|
| 041 |
|
|
|a ben
|
| 082 |
|
|
|a 891.4472092
|2 23
|
| 100 |
|
|
|a চৌধুরী, মাহবুব উল আলম,
|d ১৯২৭-২০০৭.
|9 55942
|
| 245 |
|
|
|a স্মৃতির সন্ধানে /
|c মাহবুব উল আলম চৌধুরী.
|
| 246 |
|
|
|a Smritir sandhaney
|
| 250 |
|
|
|a প্রথম প্রকাশ
|
| 264 |
|
|
|a ঢাকা :
|b পালক পাবলিশার্স,
|c ২০০৮.
|
| 300 |
|
|
|a ৫৬৮ পৃষ্ঠা :
|b চিত্র ;
|c ২২ সে.মি.
|
| 500 |
|
|
|a প্রথম প্রকাশ
|
| 541 |
|
|
|a Donated By Rebecca Dipa Khan
|e 42082
|
| 600 |
|
|
|a চৌধুরী, মাহবুব উল আলম,
|d ১৯২৭-২০০৭.
|9 55942
|
| 650 |
|
|
|a Authors, Bengali
|y 20th century
|x Biography.
|
| 650 |
|
|
|a Authors, Bengali
|z Bangladesh
|x Biography.
|9 16474
|
| 650 |
|
|
|a Political activists
|z Bangladesh
|x Biography.
|9 55943
|
| 852 |
|
|
|a Ayesha Abed Library
|c General Stacks
|
| 942 |
|
|
|2 ddc
|c BK
|
| 999 |
|
|
|c 46299
|d 46299
|
| 952 |
|
|
|0 0
|1 0
|2 ddc
|4 0
|6 891_447209200000000_CHO
|7 0
|9 74953
|a BRACUL
|b BRACUL
|c GEN
|d 2024-01-16
|e Donated By Rebecca Dipa Khan
|g 750.00
|l 0
|o 891.4472092 CHO
|p 3010042082
|r 2024-01-16
|t 1
|w 2024-01-16
|y BK
|
| 952 |
|
|
|0 0
|1 0
|2 ddc
|4 0
|6 891_447209200000000_CHO
|7 0
|9 74975
|a BRACUL
|b BRACUL
|c GEN
|d 2024-01-22
|e Donated By Rebecca Dipa Khan
|g 750.00
|l 0
|o 891.4472092 CHO
|p 3010042106
|r 2024-01-22
|t 2
|w 2024-01-22
|y BK
|